000 00569nam a2200205Ia 4500
003 OSt
005 20240504122801.0
008 210210b1944 xxu||||| |||| 00| 0 eng d
040 _cAL
041 _aKannada
082 _a858/69
100 _aTATACHARYA SHARMA (T)
_dತಾತಾಚಾರ್ಯ ಶರ್ಮ (ಟಿ)
_9163162
245 _aAkbar badashaha
_bಅಕ್ಬರ್ ಬಾದಷಾ
260 _aBengaLUru
_b-
_c1944
650 _abAdashaha
_9163163
650 _aAkbar
_9163164
690 _aBiography
_9163165
906 _a020613
942 _2ddc
_cBK
999 _c144766
_d144766